Online katalóg knižníc regiónu Turca

Anastázia (Record no. 21467)

MARC details
000 -LEADER
fixed length control field 01784cam a2200457 a 4500
001 - CONTROL NUMBER
control field 21467
003 - CONTROL NUMBER IDENTIFIER
control field VRT
005 - DATE AND TIME OF LATEST TRANSACTION
control field 20260302130555.0
008 - FIXED-LENGTH DATA ELEMENTS--GENERAL INFORMATION
fixed length control field 240709s1998 xo a br 0000j slo
015 ## - NATIONAL BIBLIOGRAPHY NUMBER
National bibliography number SNBA1998/12-04580
020 ## - INTERNATIONAL STANDARD BOOK NUMBER
International Standard Book Number 8071348694
035 ## - SYSTEM CONTROL NUMBER
System control number SNK000292125
035 ## - SYSTEM CONTROL NUMBER
System control number urn:nbn:sk:snk-amtjqz
035 ## - SYSTEM CONTROL NUMBER
System control number urn:nbn:sk:snk-am00c6km
035 ## - SYSTEM CONTROL NUMBER
System control number 080E76BB-2222-48D7-A096-B5C6CED91727
039 #9 - LEVEL OF BIBLIOGRAPHIC CONTROL AND CODING DETAIL [OBSOLETE]
Level of rules in bibliographic description 202409261324
Level of effort used to assign nonsubject heading access points AUTHORITY
Level of effort used to assign subject headings 202409261323
Level of effort used to assign classification AUTHORITY
Level of effort used to assign subject headings 202408130832
Level of effort used to assign classification msnk24
Level of effort used to assign subject headings 202407090838
Level of effort used to assign classification VLOAD
040 ## - CATALOGING SOURCE
Original cataloging agency SNK
Language of cataloging slo
Transcribing agency SNK
Description conventions AACR2
041 1# - LANGUAGE CODE
Language code of text/sound track or separate title slo
Language code of original eng
044 ## - COUNTRY OF PUBLISHING/PRODUCING ENTITY CODE
MARC country code xo
ISO country code SK
072 #7 - SUBJECT CATEGORY CODE
Subject category code 821-93
Subject category code subdivision Literatúra pre deti a mládež (beletria)
Source konspekt
080 ## - UNIVERSAL DECIMAL CLASSIFICATION NUMBER
Universal Decimal Classification number 820 (73)-3(087.5)
Edition identifier 1981
080 ## - UNIVERSAL DECIMAL CLASSIFICATION NUMBER
Universal Decimal Classification number 821.111(73)-34
Edition identifier 2011
080 ## - UNIVERSAL DECIMAL CLASSIFICATION NUMBER
Universal Decimal Classification number 821-32
Edition identifier 2011
080 ## - UNIVERSAL DECIMAL CLASSIFICATION NUMBER
Universal Decimal Classification number 82-93-053.4/.5
Edition identifier 2011
130 0# - MAIN ENTRY--UNIFORM TITLE
Uniform title Anastasia
Language of a work Slovensky
245 10 - TITLE STATEMENT
Title Anastázia
Remainder of title podľa filmu A.L. Singera ; film Dona Blutha, Gary Goldmana
Statement of responsibility, etc. ilustrácie Bob DePew ; z anglického originálu preložila Tatiana Plesníková
260 ## - PUBLICATION, DISTRIBUTION, ETC.
Place of publication, distribution, etc. Bratislava
Name of publisher, distributor, etc. Egmont Neografia
Date of publication, distribution, etc. 1998
300 ## - PHYSICAL DESCRIPTION
Extent 93 strán
Other physical details farebné ilustrácie
Dimensions 26 cm
500 ## - GENERAL NOTE
General note Na titulnej strane hore uvedené: A 20th Century Fox presentation
655 #7 - INDEX TERM--GENRE/FORM
Genre/form data or focus term príbehy
Source of term SNKPH
655 #7 - INDEX TERM--GENRE/FORM
Genre/form data or focus term literatúra pre deti
Source of term SNKPH
700 1# - ADDED ENTRY--PERSONAL NAME
Personal name Depew, Robert
Relationship ill
700 1# - ADDED ENTRY--PERSONAL NAME
Personal name Plesníková, Tatiana
Relationship trl
942 ## - ADDED ENTRY ELEMENTS (KOHA)
Source of classification or shelving scheme Dewey Decimal Classification
Koha item type Krásna literatúra pre deti
Suppress in OPAC No
949 ## - LOCAL PROCESSING INFORMATION (OCLC)
6 270001000005197
a svkbbC 40694
b svkbbm 619897
p 619.897
949 ## - LOCAL PROCESSING INFORMATION (OCLC)
6 17A0153525
9 P60, <03>, [BOOK], {603}
a snkSB 59220
b snkKSP 7675/98
s 6100:20160606
949 ## - LOCAL PROCESSING INFORMATION (OCLC)
6 17A0153526
9 P60, <04>, [BOOK], {604}
a snkSB 59220 D1
b snkKSP 7676/98
949 ## - LOCAL PROCESSING INFORMATION (OCLC)
6 273K0114900
a svkpoC 33978
b svkpo431626
Holdings
Stav vyradenia Strata Poškodenie Spôsob nadobudnutia Domovská knižnica Aktuálna knižnica Dátum nadobudnutia Total checkouts Čiarový kód exemplára Date last seen Typ exemplára
      Dar Obecná knižnica Turčianska Štiavnička Obecná knižnica Turčianska Štiavnička 02.03.2026   4738000165 02.03.2026 Krásna literatúra pre deti
Projekt je podporený Slovenskou asociáciou knižníc
Prevádzkuje Turčianska knižnica Martin 2026